Statistics for AFC West Winners since 2002

Click here to take the quiz!

General Stats

  • This quiz has been taken 76 times
    (21 since last reset)
  • The average score is 21 of 22

Answer Stats

YearAFC West WinnerRecord% Correct
2023Kansas City Chiefs11-6
100%
2022Kansas City Chiefs14-3
100%
2021Kansas City Chiefs12-5
100%
2020Kansas City Chiefs14-2
100%
2019Kansas City Chiefs12-4
100%
2018Kansas City Chiefs12-4
100%
2017Kansas City Chiefs10-6
100%
2016Kansas City Chiefs12-4
100%
2005Denver Broncos13-3
95%
2011Denver Broncos8-8
95%
2012Denver Broncos13-3
95%
2013Denver Broncos13-3
95%
2014Denver Broncos12-4
95%
2015Denver Broncos12-4
95%
2010Kansas City Chiefs10-6
95%
2003Kansas City Chiefs13-3
95%
2002Oakland Raiders11-5
95%
2009San Diego Chargers13-3
95%
2008San Diego Chargers8-8
95%
2007San Diego Chargers11-5
95%
2006San Diego Chargers14-2
95%
2004San Diego Chargers12-4
89%

Score Distribution

Percentile by Number Answered

Percent of People with Each Score

Your Score History

You have not taken this quiz since the last reset